El Museo universal (Record no. 177194)
[ view plain ]
| 000 -LEADER | |
|---|---|
| campo de control de longitud fija | 00835namaa2200217 i 4500 |
| 001 - NÚMERO DE CONTROL | |
| campo de control | 177194 |
| 003 - IDENTIFICADOR DE NÚMERO DE CONTROL | |
| campo de control | ES-MaACL |
| 005 - FECHA Y HORA DE LA ÚLTIMA TRANSACCIÓN | |
| campo de control | 20250720063057.0 |
| 008 - DATOS DE LONGITUD FIJA--INFORMACIÓN GENERAL | |
| campo de control de longitud fija | 110308s1952 sp b ||||1| spa d |
| 080 ## - NÚMERO DE LA CLASIFICACIÓN DECIMAL UNIVERSAL | |
| Número de la Clasificación Decimal Universal | 014.3:05(464.14) Museo Universal |
| 100 1# - ENTRADA PRINCIPAL--NOMBRE DE PERSONA | |
| Nombre de persona | Páez, Elena, |
| Fechas asociadas al nombre | 1909-1998 |
| 9 (RLIN) | 88227 |
| 245 13 - MENCIÓN DEL TÍTULO | |
| Título | El Museo universal |
| Resto del título | : Madrid (1857-1869) / |
| Mención de responsabilidad, etc. | Elena Paez Ríos. |
| 260 ## - PUBLICACIÓN, DISTRIBUCIÓN, ETC. | |
| Lugar de publicación, distribución, etc. | Madrid : |
| Nombre del editor, distribuidor, etc. | Instituto Miguel de Cervantes del CSIC, |
| Fecha de publicación, distribución, etc. | 1952. |
| 300 ## - DESCRIPCIÓN FÍSICA | |
| Extensión | XII, 637 p., 1 h. : |
| Otras características físicas | lám. ; |
| Dimensiones | 25 cm. |
| 490 1# - MENCIÓN DE SERIE | |
| Mención de serie | Colección de índices de publicaciones periódicas ; |
| Designación de volumen o secuencia | 14 |
| 630 04 - PUNTO DE ACCESO ADICIONAL DE MATERIA--TÍTULO UNIFORME | |
| Título uniforme | El Museo universal (Madrid)- |
| Subdivisión de forma | Indices. |
| 9 (RLIN) | 145484 |
| 710 2# - ENTRADA AGREGADA--NOMBRE DE ENTIDAD CORPORATIVA | |
| Nombre de entidad corporativa o nombre de jurisdicción como elemento de entrada | Instituto "Miguel de Cervantes" |
| 9 (RLIN) | 5133 |
| 830 0# - PUNTO DE ACCESO ADICIONAL DE SERIE-TÍTULO UNIFORME | |
| Título uniforme | Colección de índices de publicaciones periódicas ; |
| Designación de volumen o secuencia | 14 |
| 9 (RLIN) | 184798 |
| 852 ## - LOCALIZACIÓN | |
| Ubicación | ES-MaACL |
| Número de control de estantería | L-13871 |
| Estatus retirado | Estado de pérdida | Estado de daño | No para préstamo | Biblioteca de origen | Biblioteca actual | Ubicación en estantería | Fecha de adquisición | Fuente de adquisición | Total de préstamos | Signatura topográfica completa | Código de barras | Visto por última vez | Precio de reemplazo | Tipo de ítem Koha |
|---|---|---|---|---|---|---|---|---|---|---|---|---|---|---|
| Biblioteca del Ateneo de Madrid | Biblioteca del Ateneo de Madrid | Depósito 2 | 08/03/2011 | L-13871 | 1186102 | 23/02/2023 | 23/02/2023 | Libro impreso |
